Overview of rubber wood research in India (Record no. 48061)

MARC details
000 -LEADER
fixed length control field 01316nam a2200133Ia 4500
100 ## - MAIN ENTRY--AUTHOR NAME
Personal name Gnanaharan R
245 #0 - TITLE STATEMENT
Title Overview of rubber wood research in India
260 ## - PUBLICATION, DISTRIBUTION, ETC. (IMPRINT)
Name of publisher In: Abstracts of Papers: First National Seminar on Rubber Wood, 12 December 1989, Rubber Research Institute of India, Kottayam, Kerala, India, pp. 1.
Year of publication 1989
520 ## - SUMMARY, ETC.
Summary, etc Rubber wood which posed a disposal problem in Malaysia at one time has now come to the rescue of wood industry in a big way. Due to the replanting programme, sustained availability of rubber wood is assured and currently, about 600,000 m3 of round wood is produced. The work carried out in India and elsewhere has clearly demonstrated the potential uses of rubber wood for furniture, joinery, household articles, etc. The physical and strength properties of rubber wood in comparison with other timbers are presented. Chemical treatment which is essential to overcome the perishable nature of rubber wood is emphasized and the different methods of treatment available are discussed. The paper also gives an overview of the work that needs to be carried out in India for effective utilisation of this raw material from a non-conventional source to save our forests.
650 ## - SUBJECT ADDED ENTRY--TOPICAL TERM
Topical Term India
650 ## - SUBJECT ADDED ENTRY--TOPICAL TERM
Topical Term Rubberwood
942 ## - ADDED ENTRY ELEMENTS (KOHA)
Koha item type Bibliography RLWO
Holdings
Withdrawn status Lost status Damaged status Not for loan Home library Current library Date acquired Koha item type
      Bibliography RRII Library RRII Library 31/12/2021 Bibliography RLWO